Name the Artist - 1980s UK Number 1's - Statistics

General Stats
  • This quiz has been taken 96 times
  • The average score is 100 of 191
Answer Stats
Date Song Musical Act % Correct
5/1/80 Another Brick In The Wall (Part 2) Pink Floyd
95%
18/8/84 Careless Whisper George Michael
91%
19/4/86 A Different Corner George Michael
91%
1/3/80 Atomic Blondie
90%
26/4/80 Call Me Blondie
90%
15/11/80 The Tide Is High Blondie
90%
27/9/80 Don't Stand So Close To Me The Police
90%
14/11/81 Every Little Thing She Does Is Magic The Police
90%
4/6/83 Every Breath You Take The Police
90%
20/12/80 (Just Like) Starting Over John Lennon
88%
10/1/81 Imagine John Lennon
88%
7/2/81 Woman John Lennon
88%
27/6/81 One Day In Your Life Michael Jackson
88%
5/3/83 Billie Jean Michael Jackson
88%
15/8/87 I Just Can't Stop Loving You Michael Jackson
88%
2/6/84 Wake Me Up Before You Go Go Wham!
88%
20/10/84 Freedom Wham!
88%
30/11/85 I'm Your Man Wham!
88%
28/6/86 The Edge Of Heaven / Where Did Your Heart Go Wham!
88%
9/8/80 The Winner Takes It All ABBA
86%
29/11/80 Super Touper ABBA
86%
23/8/80 Ashes To Ashes David Bowie
86%
9/4/83 Let's Dance David Bowie
86%
3/8/85 Into The Groove Madonna
86%
12/7/86 Papa Don't Preach Madonna
86%
11/10/86 True Blue Madonna
86%
25/4/87 La Isla Bonita Madonna
86%
25/7/87 Who's That Girl Madonna
86%
25/3/89 Like A Prayer Madonna
86%
5/11/83 Uptown Girl Billy Joel
83%
23/10/82 Do You Really Want To Hurt Me Culture Club
81%
24/9/83 Karma Chameleon Culture Club
81%
3/5/80 Geno Dexy's Midnight Runners
79%
7/8/82 Come On Eileen Dexy's Midnight Runners With The Emerald Express
78%
15/1/83 You Can't Hurry Love Phil Collins
78%
10/9/88 A Groovy Kind Of Love Phil Collins
78%
8/9/84 I Just Called To Say I Love You Stevie Wonder
78%
14/12/85 Saving All My Love For You Whitney Houston
78%
6/6/87 I Wanna Dance With Somebody (Who Loves Me) Whitney Houston
78%
15/10/88 One Moment In Time Whitney Houston
78%
14/1/84 Pipes Of Peace Paul McCartney
77%
29/8/87 Never Gonna Give You Up Rick Astley
77%
12/3/83 Total Eclipse Of The Heart Bonnie Tyler
75%
11/1/86 West End Girls Pet Shop Boys
75%
4/7/87 It's A Sin Pet Shop Boys
75%
19/12/87 Always On My Mind Pet Shop Boys
75%
9/4/88 Heart Pet Shop Boys
75%
5/9/81 Tainted Love Soft Cell
75%
3/9/83 Red Red Wine UB40
75%
6/12/86 The Final Countdown Europe
74%
28/1/84 Relax Frankie Goes To Hollywood
74%
16/6/84 Two Tribes Frankie Goes To Hollywood
74%
8/12/84 The Power Of Love Frankie Goes To Hollywood
74%
24/3/84 Hello Lionel Richie
74%
4/9/82 Eye Of The Tiger Survivor
71%
26/3/83 Is There Something I Should Know? Duran Duran
70%
5/5/84 The Reflex Duran Duran
70%
15/12/84 Do They Know It's Christimas? Band Aid
69%
29/1/83 Down Under Men At Work
69%
16/1/88 Heaven Is A Place On Earth Belinda Carlisle
68%
22/3/80 Going Underground The Jam
68%
6/9/80 Start The Jam
68%
13/2/82 Town Called Malice / Precious The Jam
68%
4/12/82 Beat Surrender The Jam
68%
12/12/81 Don't You Want Me Human League
66%
29/5/82 House Of Fun Madness
66%
30/4/83 True Spandau Ballet
65%
8/11/86 Take My Breath Away (Theme From 'Top Gun') Berlin
64%
3/3/84 99 Red Balloons Nena
64%
9/3/85 You Spin Me Round (Like A Record) Dead Or Alive
62%
19/1/85 I Want To Know What Love Is Foreigner
62%
19/1/80 Brass In Pocket The Pretenders
62%
9/5/81 Stand And Deliver Adam And The Ants
61%
19/9/81 Prince Charming Adam And The Ants
61%
15/4/89 Eternal Flame The Bangles
61%
10/12/88 Mistletoe And Wine Cliff Richard
60%
30/1/88 I Think We're Alone Now Tiffany
60%
8/2/86 When The Going Gets Tough, The Tough Get Going Billy Ocean
58%
12/6/82 Goody Two Shoes Adam Ant
57%
20/2/88 I Should Be So Lucky Kylie Minogue
57%
13/5/89 Hand On You Heart Kylie Minogue
57%
28/3/81 This Ole House Shakin' Stevens
57%
1/8/81 Green Door Shakin' Stevens
57%
30/1/82 Oh Julie Shakin' Stevens
57%
28/12/85 Merry Christmas Everyone Shakin' Stevens
57%
2/2/80 The Special A.K.A. Live! EP The Specials
57%
11/7/81 Ghost Town The Specials
57%
8/3/86 Chain Reaction Diana Ross
56%
21/11/81 Under Pressure Queen And David Bowie
56%
7/9/85 Dancing In The Street David Bowie And Mick Jagger
55%
27/7/85 There Must Be An Angel (Playing With My Heart) Eurythmics
55%
10/5/86 Rock Me Amadeus Falco
55%
8/10/88 Desire U2
55%
25/1/86 The Sun Always Shines On TV A-ha
53%
18/4/81 Making Your Mind Up Bucks Fizz
53%
16/1/82 The Land Of Make Believe Bucks Fizz
53%
17/4/82 My Camera Never Lies Bucks Fizz
53%
2/8/86 The Lady In Red Chris DeBurgh
53%
29/10/88 Orinocco Flow Enya
53%
16/2/80 Coward Of The County Kenny Rogers
52%
17/7/82 Fame Irene Cara
51%
23/7/83 Wherever I Lay My Hat (That's My Home) Paul Young
49%
19/2/83 Too Shy Kajagoogoo
48%
9/5/87 Nothing's Gonna Stop Us Now Starship
48%
14/11/87 China In Your Hand T'Pau
48%
25/10/80 Woman In Love Barbra Streisand
47%
2/7/83 Baby Jane Rod Stewart
47%
6/2/82 Computer Love / The Model Kraftwerk
45%
24/4/82 Ebony And Ivory Paul McCartney with Stevie Wonder
45%
14/3/81 Jealous Guy Roxy Music
45%
20/4/85 We Are The World USA For Africa
45%
11/3/89 Too Many Broken Hearts Jason Donovan
42%
10/6/89 Sealed With A Kiss Jason Donovan
42%
2/10/82 Pass The Dutchie Musical Youth
42%
25/2/89 Belfast Child Simple Minds
42%
20/12/86 The Caravan Of Love The Housemartins
42%
17/10/87 You Win Again The Bee Gees
40%
23/12/89 Do They Know It's Christmas? Band Aid II
39%
21/2/87 Stand By Me Ben E King
39%
13/9/86 Don't Leave Me This Way Communards With Sarah Jane Morris
39%
10/12/83 Only You The Flying Pickets
39%
9/9/89 Ride On Time Black Box
38%
28/3/87 Respectable Mel And Kim
38%
11/5/85 19 Paul Hardcastle
38%
21/2/81 Shaddap You Face Joe Dolce Music Theatre
36%
1/8/87 La Bamba Los Lobos
36%
30/4/88 Theme From S-Express S-Express
36%
16/11/85 A Good Heart Feargal Sharkey
35%
12/10/85 The Power Of Love Jennifer Rush
35%
10/11/84 I Feel For You Chaka Khan
34%
14/5/88 Perfect Fairground Attraction
34%
13/8/83 Give It Up KC And The Sunshine Band
34%
7/1/89 Especially For You Kylie Minogue And Jason Donovan
34%
26/3/88 Don't Turn Around Aswad
32%
13/11/82 I Don't Wanna Dance Eddy Grant
32%
27/12/86 Reet Petite (The Sweetest Girl In Town) Jackie Wilson
32%
31/5/80 Theme From M*A*S*H (Suicide Is Painless) Mash
32%
18/10/86 Every Loser Wins Nick Berry
32%
6/3/82 The Lion Sleeps Tonight Tight Fit
32%
25/6/88 I Owe You Nothing Bros
31%
29/3/86 Living Doll Cliff Richard And The Young Ones Featuring Hank Marvin
31%
5/10/85 If I Was Midge Ure
31%
25/11/89 You Got It (The Right Stuff) New Kids On The Block
31%
27/12/80 There's No One Quite Like Grandma St Winifred's School Choir
31%
24/9/88 He Ain't Heavy, He's My Brother The Hollies
31%
14/3/87 Everything I Own Boy George
30%
3/7/82 Happy Talk Captain Sensible
30%
23/3/85 Easy Lover Philip Bailey (Duet With Phil Collins)
30%
17/5/80 What's Another Year Johnny Logan
29%
17/5/86 The Chicken Song Spitting Image
29%
7/2/87 I Knew You Were Waiting (For Me) Aretha Franklin And George Michael
27%
5/8/89 Swing The Mood Jive Bunny And The Mastermixers
27%
21/10/89 That's What I Like Jive Bunny And The Mastermixers
27%
16/12/89 Let's Party Jive Bunny And The Mastermixers
27%
29/6/85 Frankie Sister Sledge
27%
21/5/88 With A Little Help From My Friends / She's Leaving Home Wet Wet Wet / Billy Bragg With Cara Tivey
27%
1/12/84 I Should Have Known Better Jim Diamond
26%
28/5/83 Candy Girl New Edition
26%
6/8/88 The Only Way Is Up Yazz And The Plastic Population
26%
29/8/81 Japanese Boy Aneka
25%
7/6/86 Spirit In The Sky Doctor And The Medics
25%
11/11/89 All Around The World Lisa Stansfield
25%
12/7/80 Xanadu Olivia Newton-John and Electric Light Orchestra
25%
4/5/85 Move Closer Phyllis Nelson
25%
12/4/80 Working My Way Back To You / Forgive Me Girl (Medley) The Detroit Spinners
25%
28/1/89 Something's Gotten Hold Of My Heart Marc Almond Featuring Special Guest Star Gene Pitney
23%
24/6/89 Back To Life (However Do You Want Me) Soul II Soul Featuring Caron Wheeler
23%
9/7/88 Nothings Gonna Change My Love For You Glenn Medeiros
22%
5/12/81 Begin The Beguine (Volver Empezar) Julio Iglesias
22%
20/6/87 Star Trekkin' The Firm
22%
21/6/80 Crying Don McLean
21%
9/2/85 I Know Him So Well Elaine Paige And Barbara Dickson
21%
13/6/81 Being With You Smokey Robinson
21%
18/6/88 Doctorin' The Tardis The Timelords
21%
13/9/80 Feels Like I'm In Love Kelly Marie
19%
3/10/87 Pump Up The Volume / Anitina (The First Time I See She Dance M/A/R/R/S
19%
18/12/82 Save Your Love Renee and Renato
19%
31/8/85 I Got You Babe UB40 Featuring Chrissie Hynde
19%
23/8/86 I Want To Wake Up With You Boris Gardiner
18%
26/7/80 Use It Up And Wear It Out Odyssey
18%
15/3/80 Together We Are Beautiful Fern Kinney
16%
15/5/82 A Little Peace Nicole
16%
4/4/87 Let It Be Ferry Aid
14%
27/3/82 Seven Tears Goombay Dance Band
14%
26/6/82 I've Never Been To Me Charlene
12%
19/11/88 The First Time Robin Beck
12%
24/1/87 Jack Your Body Steve 'Silk' Hurley
12%
22/7/89 You'll Never Stop Me Loving You Sonia
10%
20/5/89 Ferry 'Cross The Mersey The Christians, Holly Johnson, Paul McCartney, Gerry Marsden And Stock Aitkin Waterman
10%
15/6/85 You'll Never Walk Alone The Crowd
9%
17/10/81 It's My Party Dave Stewart And Barbara Gaskin
8%
No matching quizzes found
Score Distribution
Percent of People with Each Score
Percentile by Number Answered
Your Score History
You have not taken this quiz